[Event "DEN-ch"]
[Site "Vejle"]
[Date "1982.??.??"]
[Round "8"]
[White "Iskov, Gert"]
[Black "Sahl, Bjarke"]
[Result "0-1"]
[WhiteElo "2380"]
[BlackElo "2380"]
[PlyCount "122"]
[EventDate "1982.??.??"]
[EventType "tourn"]
[EventRounds "11"]
[EventCountry "DEN"]
[EventCategory "5"]
[Source "ChessBase"]
[SourceDate "1999.07.01"]

1. e4 c5 2. Nf3 g6 3. d4 cxd4 4. Nxd4 Bg7 5. Nc3 Nc6 6. Be3 Nf6 7. Bc4 O-O 8.
Bb3 a5 9. f3 d5 10. Bxd5 Nxd5 11. exd5 Nb4 12. Nde2 e6 13. O-O Nxd5 14. Nxd5
exd5 15. Bd4 Bh6 16. Re1 Ra6 17. Bc3 Re6 18. Nd4 Re3 19. Bd2 Rxe1+ 20. Qxe1 Bg7
21. Qf2 Bd7 22. Re1 Qb6 23. Bc3 Rc8 24. Rd1 Rc4 25. Qe3 Qc5 26. Kf2 b5 27. Ne2
Bxc3 28. Qxc5 Rxc5 29. bxc3 Kf8 30. Ke3 Ke7 31. Rd4 Kd6 32. a3 Rc8 33. Kd2 g5
34. Nc1 h5 35. Nb3 Ra8 36. g3 f6 37. Rd3 h4 38. Re3 a4 39. Nd4 hxg3 40. hxg3
Rh8 41. g4 Rh1 42. Nf5+ Bxf5 43. gxf5 Rh2+ 44. Kd3 Rf2 45. Re6+ Kc5 46. Rxf6
Rxf3+ 47. Kd2 d4 48. cxd4+ Kxd4 49. Rf8 Ke5 50. Rb8 Rxf5 51. Rxb5+ Ke4 52. Rb4+
Kf3 53. Rxa4 g4 54. Ra8 g3 55. Kd3 g2 56. Rg8 Rf4 57. Rxg2 Kxg2 58. c4 Kf3 59.
Kc3 Ke4 60. Kb4 Ke5 61. Kc5 Ke6 0-1

[Event "DEN-ch"]
[Site "Vejle"]
[Date "1982.??.??"]
[Round "7"]
[White "Iskov, Gert"]
[Black "Ost Hansen, Jacob"]
[Result "1/2-1/2"]
[WhiteElo "2380"]
[BlackElo "2410"]
[PlyCount "34"]
[EventDate "1982.??.??"]
[EventType "tourn"]
[EventRounds "11"]
[EventCountry "DEN"]
[EventCategory "5"]
[Source "ChessBase"]
[SourceDate "1999.07.01"]

1. e4 c5 2. Nf3 e6 3. Nc3 a6 4. g3 Nc6 5. Bg2 Nge7 6. O-O Nd4 7. Nxd4 cxd4 8.
Ne2 Nc6 9. d3 Be7 10. Bf4 d6 11. c3 dxc3 12. bxc3 O-O 13. c4 Bd7 14. a4 Rb8 15.
Qd2 Qc7 16. Be3 Bf6 17. Rab1 b6 1/2-1/2

[Event "DEN-ch"]
[Site "Vejle"]
[Date "1982.??.??"]
[Round "8"]
[White "Jakobsen, Ole"]
[Black "Berg, Klaus"]
[Result "1/2-1/2"]
[WhiteElo "2410"]
[BlackElo "2295"]
[PlyCount "31"]
[EventDate "1982.??.??"]
[EventType "tourn"]
[EventRounds "11"]
[EventCountry "DEN"]
[EventCategory "5"]
[Source "ChessBase"]
[SourceDate "1999.07.01"]

1. d4 Nf6 2. c4 d6 3. Nc3 Nbd7 4. e4 e5 5. Nge2 c6 6. f3 Be7 7. Be3 O-O 8. Qd2
d5 9. exd5 cxd5 10. cxd5 exd4 11. Nxd4 Nb6 12. d6 Qxd6 13. Ndb5 Qc6 14. Nd4 Qd6
15. Ndb5 Qc6 16. Nd4 1/2-1/2

[Event "DEN-ch"]
[Site "Vejle"]
[Date "1982.??.??"]
[Round "4"]
[White "Jakobsen, Ole"]
[Black "Iskov, Gert"]
[Result "1-0"]
[WhiteElo "2410"]
[BlackElo "2380"]
[PlyCount "123"]
[EventDate "1982.??.??"]
[EventType "tourn"]
[EventRounds "11"]
[EventCountry "DEN"]
[EventCategory "5"]
[Source "ChessBase"]
[SourceDate "1999.07.01"]

1. d4 Nf6 2. c4 e6 3. Nc3 Bb4 4. Bd2 c5 5. a3 cxd4 6. axb4 dxc3 7. Bxc3 O-O 8.
Nf3 d5 9. e3 Ne4 10. cxd5 exd5 11. Be2 Be6 12. O-O Nc6 13. Be1 a6 14. Nd4 Nxd4
15. Qxd4 Qd7 16. f3 Nd6 17. Bf2 Rac8 18. Rfc1 Rxc1+ 19. Rxc1 Rc8 20. Rxc8+ Qxc8
21. Qc5 Nc4 22. Qxc8+ Bxc8 23. e4 Be6 24. exd5 Bxd5 25. Bd4 f6 26. Kf2 Kf7 27.
Bd3 g6 28. h4 Nd6 29. g4 Ke6 30. Bc2 f5 31. Ke3 fxg4 32. fxg4 Nb5 33. Bh8 Kf7
34. Kf4 Na7 35. h5 gxh5 36. gxh5 h6 37. Bc3 Nc6 38. Bg6+ Kf8 39. Bf5 Ne7 40.
Bg4 Kf7 41. Ke5 Bc4 42. Kd6 Ng8 43. Bc8 Nf6 44. Bxb7 Nxh5 45. Kc5 Be2 46. Bd2
Nf6 47. Bxh6 Nd7+ 48. Kd6 Nf6 49. Be3 Bd3 50. Bd4 Ne4+ 51. Kc7 Ke6 52. Kb6 Nd6
53. Bxa6 Bxa6 54. Kxa6 Kd5 55. Bc5 Nc4 56. b3 Nd2 57. Be3 Nxb3 58. b5 Na1 59.
b6 Nc2 60. b7 Nb4+ 61. Kb6 Nc6 62. Bf4 1-0

[Event "DEN-ch"]
[Site "Vejle"]
[Date "1982.??.??"]
[Round "1"]
[White "Jakobsen, Ole"]
[Black "Ost Hansen, Jacob"]
[Result "1/2-1/2"]
[WhiteElo "2410"]
[BlackElo "2410"]
[PlyCount "82"]
[EventDate "1982.??.??"]
[EventType "tourn"]
[EventRounds "11"]
[EventCountry "DEN"]
[EventCategory "5"]
[Source "ChessBase"]
[SourceDate "1999.07.01"]

1. d4 Nf6 2. c4 c5 3. e3 cxd4 4. exd4 d5 5. Nc3 e6 6. Nf3 Be7 7. cxd5 Nxd5 8.
Bd3 Nc6 9. O-O Ncb4 10. Bb5+ Bd7 11. Bxd7+ Qxd7 12. Ne5 Qd6 13. Qa4+ Nc6 14.
Be3 O-O 15. Nxd5 Qxd5 16. Nxc6 bxc6 17. Rfc1 Rfc8 18. Rc3 a5 19. Rac1 Ra6 20.
Rb3 Bd6 21. Rb7 f5 22. g3 Rf8 23. Qc4 Qxc4 24. Rxc4 Rf7 25. Rb3 Kf8 26. Ra4 Ke8
27. Kf1 Kd8 28. Ke2 Kc8 29. Kd3 f4 30. gxf4 Bxf4 31. h3 Bd6 32. Ke2 Rf5 33. Bd2
Bf4 34. Bxf4 Rxf4 35. Rf3 Rxf3 36. Kxf3 Kb7 37. b3 Kb6 38. Rc4 Ra7 39. Ke4 Rf7
40. f4 Rf5 41. Rc3 Rh5 1/2-1/2

[Event "DEN-ch"]
[Site "Vejle"]
[Date "1982.??.??"]
[Round "6"]
[White "Jakobsen, Ole"]
[Black "Fries Nielsen, Niels Jorgen"]
[Result "1/2-1/2"]
[WhiteElo "2410"]
[BlackElo "2330"]
[PlyCount "71"]
[EventDate "1982.??.??"]
[EventType "tourn"]
[EventRounds "11"]
[EventCountry "DEN"]
[EventCategory "5"]
[Source "ChessBase"]
[SourceDate "1999.07.01"]

1. d4 Nf6 2. c4 e6 3. Nc3 Bb4 4. a3 Bxc3+ 5. bxc3 c5 6. f3 Qa5 7. Bd2 d6 8. e4
e5 9. Bd3 Nc6 10. Ne2 Qc7 11. Be3 b6 12. O-O h6 13. Kh1 g5 14. d5 Na5 15. Ng3
Qe7 16. Re1 Kd8 17. Ra2 Qf8 18. Nf5 Bxf5 19. exf5 Kc7 20. g3 Rg8 21. Rg2 Qc8
22. g4 Qd8 23. h4 Nd7 24. Qe2 Qf6 25. Be4 Qg7 26. Reg1 Nf6 27. Bc2 Nd7 28. Be4
Nf6 29. a4 Nxe4 30. fxe4 f6 31. Rh2 Qd7 32. Qa2 Rg7 33. Kg2 Qc8 34. hxg5 hxg5
35. Rh6 Rf7 36. Rb1 1/2-1/2

[Event "DEN-ch"]
[Site "Vejle"]
[Date "1982.??.??"]
[Round "2"]
[White "Jakobsen, Ole"]
[Black "Hansen, Curt"]
[Result "1/2-1/2"]
[WhiteElo "2410"]
[BlackElo "2335"]
[PlyCount "44"]
[EventDate "1982.??.??"]
[EventType "tourn"]
[EventRounds "11"]
[EventCountry "DEN"]
[EventCategory "5"]
[Source "ChessBase"]
[SourceDate "1999.07.01"]

1. d4 Nf6 2. c4 e6 3. Nc3 Bb4 4. Bd2 b6 5. e4 Bxc3 6. Bxc3 Nxe4 7. Qg4 Nxc3 8.
Qxg7 Ke7 9. bxc3 Qg8 10. Qh6 Bb7 11. f3 Qg6 12. Qe3 Nc6 13. Nh3 h5 14. Nf4 Qh6
15. d5 Na5 16. c5 Rae8 17. dxe6 fxe6 18. O-O-O Kd8 19. cxb6 axb6 20. Bb5 Rh7
21. Rhe1 e5 22. Nd3 Qxe3+ 1/2-1/2

[Event "DEN-ch"]
[Site "Vejle"]
[Date "1982.??.??"]
[Round "10"]
[White "Jakobsen, Ole"]
[Black "Brinck Claussen, Bjorn"]
[Result "1/2-1/2"]
[WhiteElo "2410"]
[BlackElo "2380"]
[PlyCount "81"]
[EventDate "1982.??.??"]
[EventType "tourn"]
[EventRounds "11"]
[EventCountry "DEN"]
[EventCategory "5"]
[Source "ChessBase"]
[SourceDate "1999.07.01"]

1. d4 Nf6 2. c4 g6 3. Nc3 d5 4. Nf3 Bg7 5. e3 O-O 6. Qb3 e6 7. Be2 b6 8. cxd5
exd5 9. O-O c6 10. Rd1 Qd6 11. Bd2 Nbd7 12. Rac1 Re8 13. Qa4 a5 14. Be1 Ba6 15.
Rd2 Bb7 16. Bd3 Bh6 17. Qb3 Rab8 18. Rcd1 Re6 19. Re2 Rbe8 20. h3 b5 21. Qc2
Qe7 22. b3 Ne4 23. Nd2 f5 24. Nf1 Nd6 25. a3 Ne4 26. Nb1 Ra8 27. f3 Nd6 28. Bf2
b4 29. a4 Rc8 30. Rde1 c5 31. dxc5 Nxc5 32. Qd1 Nf7 33. Bb5 Bg7 34. Rc2 Rd8 35.
Rd2 Bf6 36. Ng3 Kg7 37. Kh1 Bh4 38. Rde2 Bg5 39. Nd2 Bf6 40. Nb1 Kg8 41. Rd2
1/2-1/2

[Event "DEN-ch"]
[Site "Vejle"]
[Date "1982.??.??"]
[Round "11"]
[White "Kristiansen, Jens"]
[Black "Jakobsen, Ole"]
[Result "1/2-1/2"]
[WhiteElo "2450"]
[BlackElo "2410"]
[PlyCount "90"]
[EventDate "1982.??.??"]
[EventType "tourn"]
[EventRounds "11"]
[EventCountry "DEN"]
[EventCategory "5"]
[Source "ChessBase"]
[SourceDate "1999.07.01"]

1. e4 c5 2. Nf3 d6 3. d4 cxd4 4. Nxd4 Nf6 5. Nc3 a6 6. Be2 e5 7. Nb3 Be7 8. O-O
O-O 9. Be3 Be6 10. f4 exf4 11. Bxf4 Nc6 12. Kh1 Rc8 13. Qe1 Ne8 14. Rd1 Bh4 15.
Qd2 Bf6 16. Qe3 Qe7 17. Nd5 Bxd5 18. exd5 Qxe3 19. Bxe3 Ne5 20. Nd4 g6 21. Bh6
Bg7 22. Bg5 Nc7 23. c4 Rfe8 24. Rf2 Na8 25. b3 Nb6 26. h3 Nbd7 27. Bf1 Nc5 28.
Rc2 Ne4 29. Bf4 Nd7 30. Nf3 Ne5 31. Kg1 Nc5 32. b4 Ncd7 33. Rdc1 Nxf3+ 34. gxf3
Be5 35. Bxe5 Rxe5 36. f4 Re4 37. a3 b6 38. c5 bxc5 39. Bxa6 Rd8 40. Rc4 Re7 41.
bxc5 Nxc5 42. Bb5 Re3 43. R4c3 Re4 44. Rc4 Re3 45. R4c3 Re4 1/2-1/2

[Event "DEN-ch"]
[Site "Vejle"]
[Date "1982.??.??"]
[Round "2"]
[White "Kristiansen, Jens"]
[Black "Norgaard, Jesper"]
[Result "1/2-1/2"]
[WhiteElo "2450"]
[BlackElo "2255"]
[PlyCount "63"]
[EventDate "1982.??.??"]
[EventType "tourn"]
[EventRounds "11"]
[EventCountry "DEN"]
[EventCategory "5"]
[Source "ChessBase"]
[SourceDate "1999.07.01"]

1. c4 Nf6 2. Nc3 e6 3. Nf3 Bb4 4. g3 b6 5. Bg2 Bb7 6. O-O Bxc3 7. bxc3 O-O 8.
d3 d6 9. e4 c5 10. Ne1 Qc8 11. Bg5 Nbd7 12. Nc2 h6 13. Bxf6 Nxf6 14. Ne3 Rd8
15. f4 d5 16. cxd5 exd5 17. e5 d4 18. cxd4 Bxg2 19. Kxg2 Nd5 20. Nxd5 Rxd5 21.
dxc5 Qxc5 22. Qe2 Rad8 23. Rf3 Rd4 24. Rd1 Qd5 25. Kg1 Ra4 26. Rd2 Rc8 27. Rf1
Rc3 28. Qg2 Qd4+ 29. Qf2 Rxd3 30. Qxd4 Raxd4 31. Rxd3 Rxd3 32. Rf2 1/2-1/2

[Event "DEN-ch"]
[Site "Vejle"]
[Date "1982.??.??"]
[Round "8"]
[White "Kristiansen, Jens"]
[Black "Fries Nielsen, Jens Ove"]
[Result "0-1"]
[WhiteElo "2450"]
[BlackElo "2355"]
[PlyCount "82"]
[EventDate "1982.??.??"]
[EventType "tourn"]
[EventRounds "11"]
[EventCountry "DEN"]
[EventCategory "5"]
[Source "ChessBase"]
[SourceDate "1999.07.01"]

1. c4 e6 2. Nc3 d5 3. d4 c6 4. e3 Nf6 5. Nf3 Nbd7 6. Bd3 dxc4 7. Bxc4 b5 8. Bb3
b4 9. Ne2 Bb7 10. O-O Bd6 11. Re1 O-O 12. Ng3 c5 13. Bc2 Rc8 14. e4 cxd4 15.
Nxd4 Ne5 16. Bf4 Nfg4 17. Bxe5 Bxe5 18. Qxg4 Qxd4 19. Bb3 Qxb2 20. Rab1 Qd4 21.
Rbd1 Qc5 22. Rd7 Bc6 23. Rd3 Kh8 24. Nh5 f5 25. Qh4 Bxe4 26. Rh3 Qc1 27. Rhe3
g5 28. Qh3 Bd4 29. R3e2 Rc3 30. Ng3 Qf4 31. Qh6 Rf6 32. Qh5 Rg6 33. Nxe4 fxe4
34. Bc2 e3 35. fxe3 Rxe3 36. Rxe3 Bxe3+ 37. Kh1 Bf2 38. Qd1 Rf6 39. Bd3 Rh6 40.
h3 Qg3 41. Bf5 Rf6 0-1

[Event "DEN-ch"]
[Site "Vejle"]
[Date "1982.??.??"]
[Round "4"]
[White "Kristiansen, Jens"]
[Black "Sahl, Bjarke"]
[Result "1/2-1/2"]
[WhiteElo "2450"]
[BlackElo "2380"]
[PlyCount "53"]
[EventDate "1982.??.??"]
[EventType "tourn"]
[EventRounds "11"]
[EventCountry "DEN"]
[EventCategory "5"]
[Source "ChessBase"]
[SourceDate "1999.07.01"]

1. e4 c5 2. Nf3 g6 3. c4 Bg7 4. d4 cxd4 5. Nxd4 Nc6 6. Be3 Nf6 7. Nc3 O-O 8.
Be2 b6 9. O-O Bb7 10. f3 Rc8 11. Qd2 Nh5 12. Rfd1 Ne5 13. b3 f5 14. f4 Ng4 15.
Bxg4 fxg4 16. e5 g5 17. Nde2 e6 18. fxg5 Bc6 19. Nf4 Qe8 20. Rf1 Bxe5 21. Nd3
Bg7 22. Rxf8+ Qxf8 23. Rf1 Qd6 24. Nf2 Qe5 25. Nxg4 Qxc3 26. Nh6+ Kh8 27. Nf7+
1/2-1/2

[Event "DEN-ch"]
[Site "Vejle"]
[Date "1982.??.??"]
[Round "10"]
[White "Norgaard, Jesper"]
[Black "Berg, Klaus"]
[Result "1/2-1/2"]
[WhiteElo "2255"]
[BlackElo "2295"]
[PlyCount "83"]
[EventDate "1982.??.??"]
[EventType "tourn"]
[EventRounds "11"]
[EventCountry "DEN"]
[EventCategory "5"]
[Source "ChessBase"]
[SourceDate "1999.07.01"]

1. e4 c6 2. d4 d5 3. Nd2 dxe4 4. Nxe4 Bf5 5. Ng3 Bg6 6. Nf3 Nd7 7. Bd3 e6 8.
O-O Ngf6 9. Re1 Be7 10. c4 O-O 11. b3 Re8 12. Bb2 a5 13. a3 Rb8 14. Bxg6 hxg6
15. Qc2 b5 16. Ne5 Qb6 17. c5 Qc7 18. Rad1 Rbd8 19. Rd3 Nd5 20. Rf3 Rf8 21. h3
Bf6 22. Ng4 Bh4 23. Nf1 f5 24. Ne5 Nxe5 25. dxe5 Rd7 26. Rd1 Rfd8 27. Rfd3 Be7
28. g3 Qa7 29. Bd4 Nc7 30. Qc3 Kh7 31. Ne3 g5 32. b4 f4 33. Nc2 fxg3 34. fxg3
axb4 35. axb4 Qa2 36. Ne3 Nd5 37. Nxd5 Qxd5 38. R3d2 Qe4 39. Qd3 Qxd3 40. Rxd3
g4 41. hxg4 Rd5 42. Kf2 1/2-1/2

[Event "DEN-ch"]
[Site "Vejle"]
[Date "1982.??.??"]
[Round "5"]
[White "Norgaard, Jesper"]
[Black "Ost Hansen, Jacob"]
[Result "0-1"]
[WhiteElo "2255"]
[BlackElo "2410"]
[PlyCount "70"]
[EventDate "1982.??.??"]
[EventType "tourn"]
[EventRounds "11"]
[EventCountry "DEN"]
[EventCategory "5"]
[Source "ChessBase"]
[SourceDate "1999.07.01"]

1. e4 c5 2. Nf3 e6 3. d4 cxd4 4. Nxd4 Nc6 5. Nb5 d6 6. c4 a6 7. N5c3 Nf6 8. Be2
Be7 9. Be3 b6 10. Na3 O-O 11. O-O Bb7 12. Qb3 Nd7 13. Rac1 Nc5 14. Qc2 Bf6 15.
Rfd1 Nb4 16. Qb1 Qc7 17. Bf4 Rfd8 18. Bf3 Be5 19. Bg3 g6 20. Rd2 f5 21. Bxe5
dxe5 22. Rcd1 Qe7 23. Nc2 Rxd2 24. Rxd2 fxe4 25. Be2 Nxc2 26. Qxc2 e3 27. fxe3
Qg5 28. e4 Rf8 29. h3 Nxe4 30. Nxe4 Bxe4 31. Bd3 Qe3+ 32. Kh2 Rd8 33. Bxe4 Qf4+
34. Kh1 Qxd2 35. Bxg6 Qxc2 0-1

[Event "DEN-ch"]
[Site "Vejle"]
[Date "1982.??.??"]
[Round "1"]
[White "Norgaard, Jesper"]
[Black "Brinck Claussen, Bjorn"]
[Result "1/2-1/2"]
[WhiteElo "2255"]
[BlackElo "2380"]
[PlyCount "127"]
[EventDate "1982.??.??"]
[EventType "tourn"]
[EventRounds "11"]
[EventCountry "DEN"]
[EventCategory "5"]
[Source "ChessBase"]
[SourceDate "1999.07.01"]

1. e4 c5 2. Nf3 e6 3. d4 cxd4 4. Nxd4 Nf6 5. Nc3 d6 6. g4 Nc6 7. g5 Nd7 8. Be3
a6 9. h4 Nc5 10. Nxc6 bxc6 11. Bxc5 dxc5 12. Qxd8+ Kxd8 13. O-O-O+ Kc7 14. e5
h6 15. Bc4 Be7 16. Ne4 a5 17. f4 Bd7 18. Rdg1 g6 19. h5 gxh5 20. g6 fxg6 21.
Rxg6 Rag8 22. Rhg1 Rxg6 23. Rxg6 Rf8 24. Nf6 Bxf6 25. exf6 Kd6 26. Rxh6 h4 27.
Kd2 h3 28. Ke3 h2 29. Rxh2 Rxf6 30. Rh8 e5 31. fxe5+ Kxe5 32. Ra8 Rf4 33. b3
Rh4 34. Rxa5 Kd6 35. Ra7 Bf5 36. Bd3 Rh3+ 37. Kd2 Bxd3 38. cxd3 Rh2+ 39. Kc3
Rg2 40. a4 Rh2 41. Rg7 Rf2 42. Rg4 Ra2 43. d4 cxd4+ 44. Rxd4+ Kc5 45. Rd8 Kb6
46. Kb4 Rh2 47. a5+ Kc7 48. Rd4 Rh5 49. Rg4 Kb7 50. Rc4 Rb5+ 51. Ka4 Rh5 52.
Rc3 Rh4+ 53. b4 Rg4 54. Kb3 Rh4 55. Ka3 Rg4 56. Rh3 Rg5 57. Rh7+ Kb8 58. a6
Rg3+ 59. Ka4 Rg5 60. Rb7+ Kc8 61. Rb6 Kc7 62. Rb7+ Kc8 63. Rf7 Kb8 64. Rb7+
1/2-1/2

[Event "DEN-ch"]
[Site "Vejle"]
[Date "1982.??.??"]
[Round "6"]
[White "Norgaard, Jesper"]
[Black "Iskov, Gert"]
[Result "1-0"]
[WhiteElo "2255"]
[BlackElo "2380"]
[PlyCount "143"]
[EventDate "1982.??.??"]
[EventType "tourn"]
[EventRounds "11"]
[EventCountry "DEN"]
[EventCategory "5"]
[Source "ChessBase"]
[SourceDate "1999.07.01"]

1. e4 e5 2. Nf3 Nc6 3. Bb5 a6 4. Ba4 Nf6 5. O-O Be7 6. Re1 b5 7. Bb3 O-O 8. a4
Bb7 9. d3 Re8 10. c3 h6 11. Nbd2 Bf8 12. d4 d6 13. Bc2 Nb8 14. b3 Nbd7 15. Bb2
c5 16. d5 g6 17. Nf1 Qc7 18. a5 Nh5 19. Bc1 Ndf6 20. Be3 Bc8 21. h3 Bd7 22. Qd2
g5 23. Ng3 Nf4 24. h4 Nh7 25. Nf5 Bxf5 26. exf5 Bg7 27. hxg5 hxg5 28. Be4 Qe7
29. Nh2 Nf6 30. f3 Bh6 31. g3 Nxe4 32. fxe4 Nh5 33. Kg2 Nf6 34. Kf3 Kh7 35. Rh1
Rh8 36. Bxg5 Nxe4 37. Kxe4 Qxg5 38. Qxg5 Bxg5 39. Nf3+ Bh6 40. g4 f6 41. g5
fxg5 42. Nxg5+ Kg7 43. Ne6+ Kf7 44. Rag1 Bd2 45. Kd3 Bf4 46. Nxf4 exf4 47. Ke4
Rag8 48. Kxf4 Rxg1 49. Rxg1 Rh4+ 50. Rg4 Rh1 51. Rg6 Rf1+ 52. Ke4 Re1+ 53. Kf4
Rf1+ 54. Ke3 Re1+ 55. Kd2 Re5 56. Rxd6 Rxf5 57. Rxa6 Rxd5+ 58. Kc2 c4 59. b4
Rh5 60. Rb6 Rh2+ 61. Kb1 Rh3 62. Kb2 Rh2+ 63. Kc1 Rh1+ 64. Kd2 Rh2+ 65. Ke3
Rh3+ 66. Kd4 Rd3+ 67. Kc5 Rxc3 68. Kxb5 Rc1 69. Rc6 c3 70. a6 c2 71. a7 Ra1 72.
Kb6 1-0

[Event "DEN-ch"]
[Site "Vejle"]
[Date "1982.??.??"]
[Round "8"]
[White "Norgaard, Jesper"]
[Black "Fries Nielsen, Niels Jorgen"]
[Result "1/2-1/2"]
[WhiteElo "2255"]
[BlackElo "2330"]
[PlyCount "48"]
[EventDate "1982.??.??"]
[EventType "tourn"]
[EventRounds "11"]
[EventCountry "DEN"]
[EventCategory "5"]
[Source "ChessBase"]
[SourceDate "1999.07.01"]

1. e4 d5 2. exd5 Qxd5 3. Nc3 Qa5 4. d4 Nf6 5. Nf3 c6 6. Bc4 Bf5 7. Ne5 e6 8. g4
Be4 9. O-O Bd5 10. Nxd5 cxd5 11. Bd3 Nc6 12. c3 Nxe5 13. dxe5 Nd7 14. Qe2 a6
15. Bg5 h6 16. Bh4 h5 17. f4 hxg4 18. Qxg4 Qb6+ 19. Kh1 Nc5 20. Rad1 Nxd3 21.
Rxd3 Qb5 22. Rfd1 g6 23. b3 Qc6 24. Bf6 Rh5 1/2-1/2

[Event "DEN-ch"]
[Site "Vejle"]
[Date "1982.??.??"]
[Round "3"]
[White "Norgaard, Jesper"]
[Black "Jakobsen, Ole"]
[Result "1/2-1/2"]
[WhiteElo "2255"]
[BlackElo "2410"]
[PlyCount "81"]
[EventDate "1982.??.??"]
[EventType "tourn"]
[EventRounds "11"]
[EventCountry "DEN"]
[EventCategory "5"]
[Source "ChessBase"]
[SourceDate "1999.07.01"]

1. e4 c5 2. Nf3 d6 3. d4 cxd4 4. Nxd4 Nf6 5. Nc3 a6 6. Bg5 e6 7. f4 Qb6 8. Nb3
Be7 9. Qe2 h6 10. Bxf6 Bxf6 11. e5 dxe5 12. fxe5 Be7 13. O-O-O Nc6 14. Qe4 Bg5+
15. Kb1 Qe3 16. Re1 Qxe4 17. Rxe4 b6 18. Be2 Bb7 19. Bf3 O-O 20. h4 Be7 21. a3
Rab8 22. Re2 Rfd8 23. g3 b5 24. Rf1 Ba8 25. Nd1 Nd4 26. Nxd4 Rxd4 27. Bxa8 Rxa8
28. Nf2 a5 29. Nd3 b4 30. axb4 axb4 31. Rf4 Rd5 32. Ref2 Bc5 33. R2f3 Bd4 34.
Rxf7 Bxe5 35. Re7 Rda5 36. Kc1 Rd8 37. Rb7 Ra1+ 38. Kd2 Bxb2 39. Rxb4 Bf6 40.
Rc4 Rg1 41. Re3 1/2-1/2

[Event "DEN-ch"]
[Site "Vejle"]
[Date "1982.??.??"]
[Round "10"]
[White "Ost Hansen, Jacob"]
[Black "Kristiansen, Jens"]
[Result "0-1"]
[WhiteElo "2410"]
[BlackElo "2450"]
[PlyCount "114"]
[EventDate "1982.??.??"]
[EventType "tourn"]
[EventRounds "11"]
[EventCountry "DEN"]
[EventCategory "5"]
[Source "ChessBase"]
[SourceDate "1999.07.01"]

1. Nf3 Nf6 2. g3 g6 3. Bg2 Bg7 4. O-O O-O 5. d3 d5 6. Nbd2 Nc6 7. c4 e5 8. cxd5
Nxd5 9. a3 Re8 10. Re1 h6 11. Qc2 Qe7 12. e4 Nb6 13. b4 a5 14. b5 Nd4 15. Nxd4
exd4 16. Nf3 Bg4 17. Bb2 Qd7 18. a4 Be6 19. Nd2 c6 20. bxc6 Rec8 21. e5 bxc6
22. Ne4 Rab8 23. Nd6 Rc7 24. Bxd4 c5 25. Bc3 Nd5 26. Nb5 Rcc8 27. Bxa5 Nb4 28.
Qc3 Nxd3 29. Rad1 c4 30. Bb4 Rxb5 31. axb5 Qxb5 32. Re3 Nxb4 33. Rb1 Bf8 34.
Bf1 Qc5 35. Re4 Qd5 36. Rd4 Qc5 37. Rb2 Nc6 38. Re4 Bd5 39. Re1 Nd4 40. Bg2
Bxg2 41. Kxg2 Qd5+ 42. f3 Bc5 43. Rd2 Bb6 44. Re4 Rd8 45. Rd1 Qc5 46. Rc1 Ne6
47. Re2 Rc8 48. Rec2 Nd4 49. Rb2 h5 50. Ra2 Qxe5 51. Qb4 Qf6 52. Rc3 Nf5 53.
Ra6 Rc6 54. h4 Ne3+ 55. Rxe3 Bxe3 56. Ra8+ Kh7 57. Qf8 Qg7 0-1

[Event "DEN-ch"]
[Site "Vejle"]
[Date "1982.??.??"]
[Round "8"]
[White "Ost Hansen, Jacob"]
[Black "Brinck Claussen, Bjorn"]
[Result "1/2-1/2"]
[WhiteElo "2410"]
[BlackElo "2380"]
[PlyCount "73"]
[EventDate "1982.??.??"]
[EventType "tourn"]
[EventRounds "11"]
[EventCountry "DEN"]
[EventCategory "5"]
[Source "ChessBase"]
[SourceDate "1999.07.01"]

1. e4 c6 2. d3 d5 3. Nd2 Nd7 4. exd5 cxd5 5. d4 e6 6. Ngf3 Bd6 7. Bd3 Ngf6 8.
O-O O-O 9. Re1 Qc7 10. Qe2 b5 11. a3 a6 12. Nf1 Bb7 13. Ng3 Rac8 14. c3 Rfe8
15. Ne5 Nf8 16. f4 Ng6 17. Bd2 Qb6 18. Rf1 Re7 19. Rae1 Nh4 20. Qf2 Ng6 21. Kh1
Rce8 22. Qe2 Nh4 23. Qf2 Ng6 24. Qe2 Nh4 25. Ra1 Bc8 26. a4 b4 27. a5 Qb7 28.
cxb4 Nf5 29. Nxf5 exf5 30. b5 Ne4 31. Qd1 axb5 32. Nf3 b4 33. Qb3 Qa8 34. a6
Ra7 35. Qa4 Bd7 36. Qa5 Rb8 37. Be3 1/2-1/2

[Event "DEN-ch"]
[Site "Vejle"]
[Date "1982.??.??"]
[Round "2"]
[White "Ost Hansen, Jacob"]
[Black "Hoi, Carsten"]
[Result "1-0"]
[WhiteElo "2410"]
[BlackElo "2425"]
[PlyCount "131"]
[EventDate "1982.??.??"]
[EventType "tourn"]
[EventRounds "11"]
[EventCountry "DEN"]
[EventCategory "5"]
[Source "ChessBase"]
[SourceDate "1999.07.01"]

1. c4 Nf6 2. g3 g6 3. Bg2 Bg7 4. Nc3 O-O 5. e4 d6 6. Nge2 e5 7. O-O Nc6 8. d3
Nh5 9. h3 f5 10. exf5 gxf5 11. f4 exf4 12. Nxf4 Nxf4 13. Bxf4 Kh8 14. Qd2 Be6
15. Rae1 Qd7 16. Kh2 Rae8 17. b3 Rg8 18. Nd5 Ne5 19. Be3 Ng6 20. Nf4 Nxf4 21.
Bxf4 b6 22. Bf3 Bf7 23. Qg2 Re5 24. Bc6 Qd8 25. Bxe5 Bxe5 26. Rxe5 dxe5 27.
Rxf5 Bg6 28. Rxe5 Qxd3 29. Bd5 Qd4 30. Re2 Rf8 31. Rd2 Qc3 32. Rf2 Re8 33. Qf1
Qg7 34. Rf6 Qe7 35. Re6 Qg7 36. Rf6 Qe7 37. Rf2 Kg7 38. h4 h6 39. Qd1 Qe3 40.
Qa1+ Qe5 41. Qd1 a5 42. Qg4 Re7 43. Qf3 Re8 44. Qg4 Re7 45. Kg2 h5 46. Qf3 Rf7
47. Re2 Rxf3 48. Rxe5 Rd3 49. Re7+ Kf6 50. Rxc7 b5 51. Rc6+ Kf5 52. Kf2 Be8 53.
Re6 Bf7 54. Be4+ Kxe6 55. Bxd3 b4 56. Ke3 Ke5 57. Be4 Be6 58. Bg6 Bg4 59. Be8
Bd1 60. c5 Kd5 61. c6 Kd6 62. Kf4 Bc2 63. Bxh5 Bb1 64. Bd1 Kxc6 65. Ke5 Kd7 66.
Kf6 1-0

[Event "DEN-ch"]
[Site "Vejle"]
[Date "1982.??.??"]
[Round "4"]
[White "Ost Hansen, Jacob"]
[Black "Berg, Klaus"]
[Result "1-0"]
[WhiteElo "2410"]
[BlackElo "2295"]
[PlyCount "97"]
[EventDate "1982.??.??"]
[EventType "tourn"]
[EventRounds "11"]
[EventCountry "DEN"]
[EventCategory "5"]
[Source "ChessBase"]
[SourceDate "1999.07.01"]

1. g3 c5 2. Bg2 d5 3. Nf3 Nc6 4. O-O e5 5. d3 Nf6 6. Nbd2 Be7 7. e4 O-O 8. c3
Re8 9. a3 Rb8 10. Re1 d4 11. cxd4 cxd4 12. b4 b5 13. Nb3 a5 14. Nxa5 Nxa5 15.
bxa5 Bd6 16. Bd2 Bc7 17. a6 Bxa6 18. Bb4 Bc8 19. Qd2 Bd6 20. Rec1 h6 21. Rc6
Bxb4 22. Qxb4 Bg4 23. Rc5 Bxf3 24. Bxf3 Qb6 25. Rb1 Nd7 26. Rxb5 Qf6 27. Bg4
Rxb5 28. Qxb5 Rb8 29. Bxd7 Rxb5 30. Bxb5 Qd6 31. Rb3 Kh7 32. Bc4 Kg6 33. a4 Qc5
34. Rb5 Qa3 35. a5 f6 36. Rd5 Kg5 37. Kg2 h5 38. h4+ Kh6 39. a6 g5 40. hxg5+
Kxg5 41. Rd7 h4 42. gxh4+ Kxh4 43. Rh7+ Kg4 44. Rg7+ Kh5 45. a7 Kh6 46. Bd5
Kxg7 47. a8=Q Qxd3 48. Qg8+ Kh6 49. Qf8+ 1-0

[Event "DEN-ch"]
[Site "Vejle"]
[Date "1982.??.??"]
[Round "6"]
[White "Ost Hansen, Jacob"]
[Black "Fries Nielsen, Jens Ove"]
[Result "0-1"]
[WhiteElo "2410"]
[BlackElo "2355"]
[PlyCount "78"]
[EventDate "1982.??.??"]
[EventType "tourn"]
[EventRounds "11"]
[EventCountry "DEN"]
[EventCategory "5"]
[Source "ChessBase"]
[SourceDate "1999.07.01"]

1. c4 f5 2. g3 Nf6 3. Bg2 g6 4. Nc3 Bg7 5. d3 O-O 6. e3 d6 7. Nge2 Nc6 8. O-O
Rb8 9. Rb1 Bd7 10. b4 Ne5 11. f4 Nf7 12. b5 c6 13. a4 e5 14. h3 Re8 15. Kh2 Kh8
16. Ba3 c5 17. Qd2 g5 18. Bb2 Bh6 19. Nd5 Rg8 20. Qe1 Rg6 21. Qf2 Bg7 22. Nxf6
Bxf6 23. Bd5 Qe7 24. Rg1 Rh6 25. Rg2 Qf8 26. Ng1 Qg7 27. Rf1 Rg8 28. Bxf7 Qxf7
29. fxe5 dxe5 30. e4 g4 31. Qxc5 gxh3 32. Rgf2 Qg7 33. Ne2 f4 34. Rg1 Rg6 35.
Kh1 b6 36. Qc7 h2 37. Rgg2 fxg3 38. Rxf6 Rxf6 39. Nxg3 Rf1+ 0-1